| 000 | 00545nam a2200181Ia 4500 | ||
|---|---|---|---|
| 005 | 20250326125005.0 | ||
| 008 | 250326s9999 xx 000 0 und d | ||
| 037 | _aTextbook | ||
| 040 |
_aFMSL _beng _cFMSL |
||
| 041 |
_aeng _2eng |
||
| 084 |
_aX:8F M3 _qFMSL |
||
| 100 |
_aFarmer E R _9238325 |
||
| 245 | 0 |
_aUnderstanding and interperting company reports and accounts _cFarmer E R |
|
| 260 |
_aUnited Kingdom _bUnited Kingdom, Van Nostrand Reinhold _c1983 |
||
| 300 | _a268p | ||
| 942 |
_cTB _hX:8F M3 |
||
| 999 |
_c1276063 _d1276063 |
||